Southville International School and Colleges
Your cart is empty.
  • Cart
  • Lists
    Public lists Eva Luna New books Lux_list list_1
    Your lists Log in to create your own lists
  • Log in to your account
  • Your cookies
  • Search history
Southville International School and Colleges
  • Advanced search
  • Recent comments
  • Most popular
  • Libraries

Log in to your account

Log in with GOOGLE


If you do not have an external account, but do have a local account, you can still log in:

  1. Home
  2. MARC view: The illustrated science and invention encyclopedia, v.1.
Normal view MARC view ISBD view

The illustrated science and invention encyclopedia, v.1. (Record no. 112339)

[ view plain ]
MARC details
000 -LEADER
fixed length control field 00947nam a2200409 a 4500
001 - CONTROL NUMBER
control field 3833
005 - DATE AND TIME OF LATEST TRANSACTION
control field 20140414131934.0
008 - FIXED-LENGTH DATA ELEMENTS--GENERAL INFORMATION
fixed length control field 040602s19uu xx 00 eng d
050 ## - LIBRARY OF CONGRESS CALL NUMBER
Classification number REF 500
Item number Il6 1977
245 ## - TITLE STATEMENT
Title The illustrated science and invention encyclopedia, v.1.
260 ## - PUBLICATION, DISTRIBUTION, ETC. (IMPRINT)
Place of publication, distribution, etc New York:
Name of publisher, distributor, etc H. S. Stuttman,
Date of publication, distribution, etc 1977.
300 ## - PHYSICAL DESCRIPTION
Extent 1-128 p. : ill., col. ; cm.
440 ## - SERIES STATEMENT/ADDED ENTRY--TITLE
Title How it works
500 ## - GENERAL NOTE
General note 20 vol. (No vol.12)
650 ## - SUBJECT ADDED ENTRY--TOPICAL TERM
Topical term or geographic name as entry element Encyclopedias
General subdivision Science.
650 ## - SUBJECT ADDED ENTRY--TOPICAL TERM
Topical term or geographic name as entry element Science
General subdivision Study and teaching.
Holdings
Withdrawn status Lost status Damaged status Use restrictions Home library Current library Shelving location Date acquired Source of acquisition Total Checkouts Full call number Barcode Date last seen Price effective from Koha item type
        Munich Library Munich Library Reference Section 06/02/2004     REF 500 Il6 1977 M3603 04/14/2014 04/14/2014 Books
        Munich Library Munich Library Reference Section 11/08/2006     REF 500 Il6 1977 M3604 04/14/2014 04/14/2014 Books
        Munich Library Munich Library Reference Section 11/08/2006     REF 500 Il6 1977 M3605 04/14/2014 04/14/2014 Books
        Munich Library Munich Library Reference Section 11/08/2006     REF 500 Il6 1977 M3606 04/14/2014 04/14/2014 Books
        Munich Library Munich Library Reference Section 11/08/2006     REF 500 Il6 1977 M3607 04/14/2014 04/14/2014 Books
        Munich Library Munich Library Reference Section 11/08/2006     REF 500 Il6 1977 M3608 04/14/2014 04/14/2014 Books
        Munich Library Munich Library Reference Section 11/08/2006     REF 500 Il6 1977 M3609 04/14/2014 04/14/2014 Books
        Munich Library Munich Library Reference Section 11/08/2006     REF 500 Il6 1977 M3610 04/14/2014 04/14/2014 Books
        Munich Library Munich Library Reference Section 11/08/2006     REF 500 Il6 1977 M3611 04/14/2014 04/14/2014 Books
        Munich Library Munich Library Reference Section 11/08/2006     REF 500 Il6 1977 M3612 04/14/2014 04/14/2014 Books
        Munich Library Munich Library Reference Section 11/08/2006     REF 500 Il6 1977 M3613 04/14/2014 04/14/2014 Books
        Munich Library Munich Library Reference Section 11/08/2006     REF 500 Il6 1977 M3614 04/14/2014 04/14/2014 Books
        Munich Library Munich Library Reference Section 11/08/2006     REF 500 Il6 1977 M3615 04/14/2014 04/14/2014 Books
        Munich Library Munich Library Reference Section 11/08/2006     REF 500 Il6 1977 M3616 04/14/2014 04/14/2014 Books
        Munich Library Munich Library Reference Section 11/08/2006     REF 500 Il6 1977 M3617 04/14/2014 04/14/2014 Books
        Munich Library Munich Library Reference Section 11/08/2006     REF 500 Il6 1977 M3618 04/14/2014 04/14/2014 Books
        Munich Library Munich Library Reference Section 11/08/2006     REF 500 Il6 1977 M3619 04/14/2014 04/14/2014 Books
        Munich Library Munich Library Reference Section 11/08/2006     REF 500 Il6 1977 M3620 04/14/2014 04/14/2014 Books
        Munich Library Munich Library Reference Section 11/08/2006     REF 500 Il6 1977 M3621 04/14/2014 04/14/2014 Books
        Munich Library Munich Library Reference Section 11/08/2006     REF 500 Il6 1977 M3622 04/14/2014 04/14/2014 Books

The illustrated science and invention encyclopedia, v.1.

APA

(1977). The illustrated science and invention encyclopedia, v.1. New York: H. S. Stuttman.

Chicago

1977. The illustrated science and invention encyclopedia, v.1. New York: H. S. Stuttman.

Harvard

(1977). The illustrated science and invention encyclopedia, v.1. New York: H. S. Stuttman.

MLA

The illustrated science and invention encyclopedia, v.1. New York: H. S. Stuttman. 1977.

  • Place hold
  • Print
  • Cite
  • Add to your cart (remove)
  • Save record
    BIBTEX Dublin Core MARCXML MARC (non-Unicode/MARC-8) MARC (Unicode/UTF-8) MARC (Unicode/UTF-8, Standard) MODS (XML) RIS
  • More searches
    Search for this title in:
    Other Libraries (WorldCat) Other Databases (Google Scholar) Online Stores (Bookfinder.com) Open Library (openlibrary.org)

Exporting to Dublin Core...

SOUTHVILLE LIBRARY

Southville International School and Colleges Library

1281 Tropical Ave. Cor. Luxembourg St., BF Homes International, Las Pinas City

Tel. No. 8256374 / 252358 Loc. 117/146

Powered by Koha